Roteiro do terceiro setor : (Record no. 342)

MARC details
000 -LÍDER
Campo Fixo de Controle 01157nam a2200301 a 4500
001 - NÚMERO DE CONTROLE
Campo de Controle 342
003 - IDENTIFICAÇÃO DO NÚMERO DE CONTROLE
Campo de Controle BR-CuiBMT
005 - DATA E HORA DA ÚLTIMA ATUALIZAÇÃO
Campo de Controle 20231101024224.0
008 - DADOS FIXOS
Dados Fixos 231101s2019 mgb 00| 0 eng d
020 ## - INTERNATIONAL STANDARD BOOK NUMBER
Nº do ISBN 9788545006824
040 ## - AGÊNCIA CATALOGADORA
Código da Agência Catalogadora BR-CuiBMT
Agência que transcreveu o registro BR-CuiBMT
080 ## - Nº DA CLASSIFICAÇÃO DECIMAL UNIVERSAL
Nº Class. CDU 2007
Nº edição CDU 061.2
090 ## - NÚMERO DE CHAMADA
Nº classificação 061.2
Cutter R433r
Ano/Edição 6. ed.
100 1# - ENTRADA PRINCIPAL -- AUTOR PESSOAL
Nome pessoal Resende, Tomáz de Aquino
245 1# - TÍTULO PRINCIPAL
Título principal Roteiro do terceiro setor :
Subtítulo associações, fundações, e organizações religiosas /
Indicação de responsabilidade Tomáz de Aquino Resende, André Costa Resende, Bianca Monteiro da Silva ; prefácio, Valma Leite da Cunha e Marcelo Oliveira Costa.
250 ## - EDIÇÃO
Edição 6. ed., rev. e atual.
260 ## - PUBLICAÇÃO, DISTRIBUIÇÃO, ETC.
Local de publicação Belo Horizonte :
Editora Fórum,
Data 2019.
300 ## - DESCRIÇÃO FÍSICA
N. páginas ou volumes 228 p. ;
Dimensões 21 cm
500 ## - NOTAS GERAIS
Notas gerais "Atualizado de acordo com a Lei nº 13.019/2014."<br/>
500 ## - NOTAS GERAIS
Notas gerais "Marco Regulatório das Organizações da Sociedade Civil/MROSC.
504 ## - NOTA DE BIBLIOGRAFIA, ETC.
Nota de bibliografia Inclui bibliografia.
650 ## - ASSUNTO TÓPICO
Cabeçalho tópico ou nome geográfico Terceiro setor
650 ## - ASSUNTO TÓPICO
Cabeçalho tópico ou nome geográfico Associações sem fins lucrativos
Subdivisão de forma Legislação
Subdivisão geográfica Brasil
650 ## - ASSUNTO TÓPICO
Cabeçalho tópico ou nome geográfico Fundações e instituições beneficentes
700 1# - ENTRADA SECUNDÁRIA -- NOME PESSOAL
Nome pessoal Resende, André Costa
700 1# - ENTRADA SECUNDÁRIA -- NOME PESSOAL
Nome pessoal Silva, Bianca Monteiro da
942 ## - ELEMENTOS DE ENTRADA ADICIONAIS (KOHA)
Fonte de classificação ou esquema de arquivamento Classificação Decimal Universal
Tipo de item do Koha Livros
Holdings
Estado: removido Estado: perdido Fonte de classificação ou esquema de arquivamento Estado: danificado Indisponível para empréstimo Localização permanente Localização atual Data de aquisição Total Checkouts Número de Chamada completo Código de barras Date last seen Número do exemplar Preço efetivo a partir de Tipo de item (Koha)
    Classificação Decimal Universal     Biblioteca da Escola Superior de Contas do TCE/MT Biblioteca da Escola Superior de Contas do TCE/MT 01/11/2023   061.2 R433r 6. ed. BIBTCEMT23110005 01/11/2023 Ex. 1 01/11/2023 Livros

Powered by Koha